000
00310nam a2200133Ia 4500
008
220204s9999 xx 000 0 und d
082
_a
059
_b
STO
100
_a
STORER, Tracy I
245
0
_a
Elements of zoology.
250
_a
Ed.4
260
_a
New York
_b
Mcgraw Hill
_c
1977
650
_a
Zoology
942
_c
BK
999
_c
25475
_d
25475